| 000 | 00653cam a22001217a 4500 | ||
|---|---|---|---|
| 008 | 180718b1987 xxu||||| |||| 00| 0 eng d | ||
| 082 | _aB142055x5 Un3/2 | ||
| 245 |
_aWomen social scientists: asia - pacific _cby Regional Unit for Social Human Sciences in Asia and the Pacific, Unesco Principal Regional Office for Asia and the Pacific |
||
| 260 |
_aBangkok _bRegional Unit for Social and Human Sciences in Asia and the _c1987 |
||
| 300 | _a319+p. | ||
| 440 | _aSocial and Human Sciences in Asia and the Pacific RUSHAP Directoreis: 2 | ||
| 700 | _aUnesco Principal Regional Office for Asia and the Pacific. Regional Unit for Social and Human Sciences in Asia | ||
| 999 |
_c488834 _d488834 |
||